Name That Disney Princess - Statistics

General Stats
  • This quiz has been taken 2,617 times
  • The average score is 12 of 13
Answer Stats
Hint Answer % Correct
Glass slipper Cinderella
98%
Mermaid Ariel
96%
"Beauty" Belle
94%
Loves animals Snow White
93%
Sleepy Aurora
91%
Long hair Rapunzel
91%
A whole new world Jasmine
89%
Snow queen Elsa
88%
Warrior Mulan
88%
Loves a frog Tiana
88%
Snow queen's sister Anna
87%
Colors of the wind Pocahontas
82%
Changes her fate Merida
69%
No matching quizzes found
Score Distribution
Percent of People with Each Score
Percentile by Number Answered
Your Score History
You have not taken this quiz